Minor oral surgery (Record no. 32079)
[ view plain ]
| 000 -LEADER | |
|---|---|
| fixed length control field | 00577nam a2200157 a 4500 |
| 008 - FIXED-LENGTH DATA ELEMENTS--GENERAL INFORMATION | |
| fixed length control field | 150622s1985 ||||||||||||||||| || u |
| 020 ## - INTERNATIONAL STANDARD BOOK NUMBER | |
| International Standard Book Number | 0723608237 |
| 050 ## - LIBRARY OF CONGRESS CALL NUMBER | |
| Classification number | RK 501 How |
| 100 ## - MAIN ENTRY--PERSONAL NAME | |
| Personal name | Howe, Geoffrey L |
| 245 10 - TITLE STATEMENT | |
| Title | Minor oral surgery |
| Statement of responsibility, etc. | By Geoffrey L. Howe |
| 250 ## - EDITION STATEMENT | |
| Edition statement | 3rd ed. |
| 260 ## - PUBLICATION, DISTRIBUTION, ETC. | |
| Place of publication, distribution, etc. | Bristol: |
| Name of publisher, distributor, etc. | John Wright and Sons L.t.d |
| Date of publication, distribution, etc. | 1985 |
| 300 ## - PHYSICAL DESCRIPTION | |
| Extent | xi, 428p.: ill. |
| 650 #0 - SUBJECT ADDED ENTRY--TOPICAL TERM | |
| Topical term or geographic name entry element | MOUTH--SURGERY |
| 995 ## - | |
| -- | MEDICAL LIBRARY OPEN ACCESS |
| -- | 902987 |
| -- | CBU-SCHOOL OF MEDICINE LIBRARY (Ndola) |
| -- | RK 501 How |
| -- | 1 |
| -- | AVAILABLE |
| -- | Jun 23, 2015 |
| -- | 902987 |
| -- | Medical Library Open Access Collection |
| 999 ## - | |
| -- | 32079 |
| -- | 32079 |
| Withdrawn status | Lost status | Source of classification or shelving scheme | Damaged status | Not for loan | Permanent Location | Current Location | Shelving location | Date acquired | Total Checkouts | Full call number | Barcode | Date last seen | Date last checked out | Price effective from | Koha item type |
|---|---|---|---|---|---|---|---|---|---|---|---|---|---|---|---|
| CBU-SCHOOL OF MEDICINE LIBRARY, NDOLA. | CBU-SCHOOL OF MEDICINE LIBRARY, NDOLA. | 11/30/2022 | 2 | RK 501 How | 902987 | 08/08/2024 | 07/24/2024 | 11/30/2022 | MONOGRAPH |